000 00601nam a2200205Ia 4500
003 GCL
008 140319s9999 xx 000 0 ara d
040 _aGCL /
_cGCL
082 0 4 _a813.03
_bع ت
100 1 _aعلى الراعى
245 1 0 _aتوفيق الحكيم : فنان الغربة وفنان الفكر /
_cعلى الراعى
300 _a218 ص
490 _aكتاب الهلال
_v0
650 0 4 _aالادب العربى
650 0 4 _aتوفيق الحكيم
650 0 4 _aالادب
650 0 4 _aالمسرح العربى
650 0 4 _aتاريخ ونقد
942 _2ddc
_cBK
999 _c40372
_d40372